000 00711cam a2200193 4500
001 WB3739-01
008 011018n2001 000 0 eng u
035 _a(Sirsi) u115197
245 _aFrench dealers revolt over UNIDROIT
260 _c2001
490 _aRICS Antiques and Fine Arts Faculty News
_v17 October 2001, (1)
520 _aThe Syndicat National des Antiquaires is calling upon the French Government to reject the UNIDROIT convention which enforces strict rules on the restitution of stolen art.
590 _aWB
650 _aCONVENTION ON STOLEN OR ILLEGALLY EXPORTED CULTURAL OBJECTS 1995
650 _aSTOLEN ART
650 _aFRANCE
690 _aArts and antiques
_96217
942 _n0
999 _c68614
_d68614